Geographic information science and systems (Record no. 5927)
[ view plain ]
| 000 -LEADER | |
|---|---|
| fixed length control field | 00856nam a22002897a 4500 |
| 003 - CONTROL NUMBER IDENTIFIER | |
| control field | OSt |
| 005 - DATE AND TIME OF LATEST TRANSACTION | |
| control field | 20220107122835.0 |
| 008 - FIXED-LENGTH DATA ELEMENTS--GENERAL INFORMATION | |
| fixed length control field | 171124b xxu||||| |||| 00| 0 eng d |
| 020 ## - INTERNATIONAL STANDARD BOOK NUMBER | |
| International Standard Book Number | 9781118676950 |
| 040 ## - CATALOGING SOURCE | |
| Transcribing agency | IIITMK |
| 082 ## - DEWEY DECIMAL CLASSIFICATION NUMBER | |
| Classification number | 910.285 LON/G |
| 100 ## - MAIN ENTRY--PERSONAL NAME | |
| Personal name | Longely, Paul A. |
| 9 (RLIN) | 13372 |
| 245 ## - TITLE STATEMENT | |
| Title | Geographic information science and systems |
| 250 ## - EDITION STATEMENT | |
| Edition statement | 4 |
| 260 ## - PUBLICATION, DISTRIBUTION, ETC. | |
| Place of publication, distribution, etc. | New Jersey, |
| Name of publisher, distributor, etc. | John Wiley & Sons, |
| Date of publication, distribution, etc. | 2015. |
| 300 ## - PHYSICAL DESCRIPTION | |
| Extent | xvi, 477p. |
| 650 ## - SUBJECT ADDED ENTRY--TOPICAL TERM | |
| Topical term or geographic name entry element | GIS |
| 9 (RLIN) | 13373 |
| 650 ## - SUBJECT ADDED ENTRY--TOPICAL TERM | |
| Topical term or geographic name entry element | GEOGRAPHIC INFORMATION SYSTEMS |
| 9 (RLIN) | 13374 |
| 650 ## - SUBJECT ADDED ENTRY--TOPICAL TERM | |
| Topical term or geographic name entry element | GEOGRAPHIC INFORMATION SCIENCE |
| 9 (RLIN) | 13475 |
| 650 ## - SUBJECT ADDED ENTRY--TOPICAL TERM | |
| Topical term or geographic name entry element | GEOSPATIAL DATA ANALYSIS |
| 9 (RLIN) | 13476 |
| 650 ## - SUBJECT ADDED ENTRY--TOPICAL TERM | |
| Topical term or geographic name entry element | GI SYSTEM SOFTWARE |
| 9 (RLIN) | 13477 |
| 650 ## - SUBJECT ADDED ENTRY--TOPICAL TERM | |
| Topical term or geographic name entry element | GEOGRAPHIC DATA MODELING |
| 9 (RLIN) | 13478 |
| 700 ## - ADDED ENTRY--PERSONAL NAME | |
| Personal name | Goodchild, Micahel F. |
| 9 (RLIN) | 13375 |
| 700 ## - ADDED ENTRY--PERSONAL NAME | |
| Personal name | Maguire, David J. |
| 9 (RLIN) | 13376 |
| 700 ## - ADDED ENTRY--PERSONAL NAME | |
| Personal name | Rhind, David W. |
| 9 (RLIN) | 13377 |
| 942 ## - ADDED ENTRY ELEMENTS (KOHA) | |
| Source of classification or shelving scheme | Dewey Decimal Classification |
| Koha item type | Books |
| Withdrawn status | Lost status | Source of classification or shelving scheme | Damaged status | Not for loan | Collection code | Home library | Current library | Shelving location | Date acquired | Cost, normal purchase price | Total Checkouts | Full call number | Barcode | Date last seen | Date last checked out | Price effective from | Koha item type |
|---|---|---|---|---|---|---|---|---|---|---|---|---|---|---|---|---|---|
| Dewey Decimal Classification | Geographical Information Systems/ Spatial Data Analysis | Kerala University of Digital Sciences, Innovation and Technology Knowledge Centre | Kerala University of Digital Sciences, Innovation and Technology Knowledge Centre | GIS(Geographical Information System) | 24/11/2017 | 7890.00 | 7 | 910.285 LON/G | 4992 | 11/10/2022 | 29/07/2022 | 24/11/2017 | Books |